Joueurs du Borussia Dortmund au début de la saison 2020-2021 - Statistiques

Statistiques générales
  • Ce quiz a été pris 110 fois
  • Le résultat moyen est 20 sur 31
Statistiques - réponses
Nationalité Numéro Joueur % Correct
Norvégien 9 Erling Braut Haaland
99%
Allemand 11 Marco Reus
95%
Belge 10 Thorgan Hazard
95%
Suisse 1 Roman Bürki
94%
Anglais 7 Jadon Sancho
92%
Portugais 13 Raphaël Guerreiro
86%
Français 5 Dan-Axel Zagadou
85%
Allemand 15 Mats Hummels
85%
Belge 28 Axel Witsel
84%
Anglais 22 Jude Bellingham
83%
Belge 24 Thomas Meunier
81%
Allemand 23 Emre Can
80%
Suisse 16 Manuel Akanji
79%
Américain 32 Giovanni Reyna
77%
Danois 6 Thomas Delaney
77%
Allemand 19 Julian Brandt
70%
Allemand 8 Mahmoud Dahoud
66%
Brésilien 20 Reinier
63%
Espagnol 2 Mateu Morey
59%
Suisse 35 Marwin Hitz
56%
Allemand 18 Youssoufa Moukoko
56%
Polonais 26 Lukasz Piszczek
55%
Allemand 14 Nico Schulz
50%
Allemand 29 Marcel Schmelzer
48%
Allemand 30 Felix Passlack
45%
Allemand 27 Marius Wolf
36%
Allemand 36 Ansgar Knauff
27%
Allemand 25 Luca Unbehaun
17%
Allemand 37 Tobias Raschl
14%
Allemand 40 Stefan Drljaca
5%
Allemand 39 Dominik Wanner
3%
Aucun quiz correspondant
Distribution des résultats
% des personnes avec chaque résultat
Percentile par nombre de réponses
Votre historique - résultats
Vous n’avez pas pris ce quiz